000 00890nam a2200277Ia 4500
003 PE SENCICO BE
005 20260219145729.0
008 200515s9999 xx 000 0 und d
020 _a978-9962-04-119-1
040 _aPE SENCICO BE
_cPE SENCICO BE
041 _aspa
082 _a749
_bA81
110 1 _aLexus editores
_988
_eautor
245 1 0 _aMueble moderno /
_cLexus editores
250 _a[1a ed.]
260 _aChina :
_bLexus editores ;
_c2014
300 _a200 páginas :
_bilustraciones a color, láminas ;
_c34 cm.
505 0 _aComedor -- Salón -- Habitación principal -- Habitación juvenil
520 3 _aMuebles modernos para distintas habitaciones
650 1 0 _aMuebles
_97
650 2 0 _aMuebles para niños
_9319
650 2 0 _aMuebles de sala
_9320
650 2 0 _aMuebles para comedores
_9321
700 1 _aAsensio, Óscar
_918
_eeditor
942 _cLIB
_2ddc
999 _c2488
_d2488